书目信息 |
| 题名: |
巨星图
|
|
| 作者: | 深思 , 京生 编著 | |
| 分册: | ||
| 出版信息: | 北京 中国经济出版社 1993.6 |
|
| 页数: | 212页 | |
| 开本: | 19cm | |
| 丛书名: | 世界富豪成功谋略系列丛书 | |
| 单 册: | ||
| 中图分类: | F279.1 | |
| 科图分类: | 29.15041 | |
| 主题词: | 企业管理--经验--世界 | |
| 电子资源: | ||
| ISBN: | 7-5017-1850-4 | |
| 000 | 00852nam2 2200277 45 | |
| 001 | 0193035152 | |
| 005 | 20070725091325.23 | |
| 010 | @a7-5017-1850-4@dCNY4.50 | |
| 100 | @a19800101d1993 em y0chiy0121 ea | |
| 101 | 0 | @achi |
| 102 | @aCN@b110000 | |
| 105 | @ay z 000yd | |
| 200 | 10 | @a巨星图@AJU XING TU@f深 思,京 生编著@FSHEN SI , JING SHENG BIAN ZHU |
| 210 | @a北京@c中国经济出版社@d1993.6 | |
| 215 | @a212页@d19cm | |
| 225 | 2 | @a世界富豪成功谋略系列丛书@v3 |
| 330 | @a本书介绍了邦尼、里甘、史东等20多位世界富豪的经营之道与成功谋略。 | |
| 410 | 0 | @120010@a世界富豪成功谋略系列丛书 |
| 540 | 1 | @a巨星图@AJU XING TU |
| 606 | @a企业管理@x经验@y世界 | |
| 690 | @aF279.1@v三版 | |
| 692 | @a29.15041 | |
| 701 | 0 | @a深思@ASHEN SI@4编著 |
| 701 | 0 | @a京生@AJING SHENG@4编著 |
| 801 | 0 | @aCN@bTSSF@c20070725 |
| 905 | @a10447@dF279.1@e672 | |
| 巨星图/深 思,京 生编著.-北京:中国经济出版社,1993.6 |
| 212页;19cm.-(世界富豪成功谋略系列丛书;3) |
| ISBN 7-5017-1850-4:CNY4.50 |
| 本书介绍了邦尼、里甘、史东等20多位世界富豪的经营之道与成功谋略。 |
| ● |
| 相关链接 |
|
|
|
|
正题名:巨星图
索取号:F279.1/672
 
预约/预借
| 序号 | 登录号 | 条形码 | 馆藏地/架位号 | 状态 | 备注 |
| 1 | 0768898 | 207688983 | 第一样本阅览室/ [索取号:F279.1/672] | 在馆 |